000 00817cam a2200241 a 4500
001 000016239
005 20200929164331.0
008 870323s1984 nq 000 0 spa d
040 _aDO-SdBNP
_bspa
_cBNPHU
082 _a199
_bS487f
100 1 _aSerrano Caldera, Alejandro.
_936294
245 1 0 _aFilosofía y crisis /
_cAlejandro Serrano Caldera.
260 _aManagua :
_bNueva Nicaragua,
_c1984.
300 _a164 p. ;
_c19 cm.
504 _aIncluye bibliografía: p. 159-164.
504 _aIncluye referencia al pie de páginas
590 _aPerteneció a la biblioteca personal de Juan Isidro Jimenes Grullón
650 4 _aFilosofía latinoaméricana
_9471
650 4 _aFilosofía europea
_936295
650 4 _aFilosofía
_xHistoria
_9528
910 _aValidado. Control de calidad MFF
049 _aBNGR
999 _c15776
_d15776